Statistics for Updated Top 5 Cities in Hawaii by Population

Click here to take the quiz!

General Stats

  • This quiz has been taken 19 times
  • The average score is 2 of 5

Answer Stats

CountyCity% Correct
HonoluluHonolulu
100%
HawaiiHilo
85%
HonoluluKailua
23%
HonoluluKapolei
8%
HonoluluKaneohe
8%

Score Distribution

Percentile by Number Answered

Percent of People with Each Score

Your Score History

You have not taken this quiz